[Event "NED-ch"]
[Site "Groningen"]
[Date "2022.12.28"]
[Round "3.1"]
[White "Pruijssers, Roeland"]
[Black "L'Ami, Erwin"]
[Result "0-1"]
[WhiteElo "2538"]
[BlackElo "2627"]
[PlyCount "74"]
[EventDate "2022.12.21"]
[EventType "k.o."]
[EventRounds "4"]
[EventCountry "NED"]
[SourceTitle "CBM 211 Extra"]
[Source "ChessBase"]
[SourceDate "2023.01.31"]
[SourceVersion "1"]
[SourceVersionDate "2023.01.31"]
[SourceQuality "1"]

1. e4 e5 2. Nf3 Nc6 3. d4 exd4 4. Nxd4 Nf6 5. Nxc6 bxc6 6. e5 Qe7 7. Qe2 Nd5 8. h4 d6 9. c4 Nb6 10. exd6 Qxe2+ 11. Bxe2 cxd6 12. Nc3 Be6 13. b3 d5 14. cxd5 Nxd5 15. Nxd5 Bxd5 16. Kf1 Be7 17. Bb2 0-0 18. Rh3 a5 19. h5 a4 20. Bf3 Rfd8 21. Rg3 f6 22. Re1 Ra7 23. bxa4 Kf7 24. a3 Rxa4 25. Bd1 Rh4 26. Kg1 Bd6 27. Rg4 Rxg4 28. Bxg4 Rb8 29. Bc1 g6 30. hxg6+ hxg6 31. Bd1 Rb1 32. Bc2 Ra1 33. a4 Ra2 34. Bd3 Bb4 35. Rf1 Bc5 36. Bf4 Rxa4 37. Bc1 Rg4 0-1

[Event "Bundesliga 2223"]
[Site "Germany"]
[Date "2022.11.26"]
[Round "3.4"]
[White "L'Ami, Erwin"]
[Black "Bogosavljevic, Boban"]
[Result "1/2-1/2"]
[WhiteElo "2617"]
[BlackElo "2533"]
[PlyCount "84"]
[EventDate "2022.10.21"]
[EventType "team-tourn"]
[EventRounds "15"]
[EventCountry "GER"]
[SourceTitle "CBM 211"]
[Source "ChessBase"]
[SourceDate "2022.12.31"]
[SourceVersion "1"]
[SourceVersionDate "2022.12.31"]
[SourceQuality "1"]
[WhiteTeam "Solingen"]
[BlackTeam "Deggendorf"]
[WhiteTeamCountry "GER"]
[BlackTeamCountry "GER"]

1. d4 Nf6 2. c4 e6 3. Nc3 Bb4 4. Qc2 0-0 5. a3 Bxc3+ 6. Qxc3 b6 7. Bg5 c5 8. Nf3 Bb7 9. dxc5 bxc5 10. e3 a5 11. Bd3 d6 12. 0-0 Nbd7 13. Nd2 h6 14. Bh4 Re8 15. Qc2 Rb8 16. Rad1 Qb6 17. Nb1 Bc6 18. Rd2 d5 19. Bg3 Rbc8 20. Re1 d4 21. Rde2 e5 22. f3 e4 23. fxe4 Ng4 24. exd4 cxd4 25. Nd2 Ne3 26. Qb1 Nc5 27. b4 axb4 28. axb4 Nxd3 29. Qxd3 Qxb4 30. Bf2 Rcd8 31. Bxe3 dxe3 32. Qxe3 Re6 33. h3 Red6 34. Nf3 Qxc4 35. Ne5 Qe6 36. Nxc6 Rxc6 37. Qf4 Rc4 38. Qf5 Qxf5 39. exf5 h5 40. Re4 Rc5 41. Rf4 Rdd5 42. Ref1 Kh7 1/2-1/2

[Event "Bundesliga 2223"]
[Site "Germany"]
[Date "2022.10.23"]
[Round "2.3"]
[White "Efimenko, Zahar"]
[Black "L'Ami, Erwin"]
[Result "1/2-1/2"]
[WhiteElo "2599"]
[BlackElo "2617"]
[PlyCount "53"]
[EventDate "2022.10.21"]
[EventType "team-tourn"]
[EventRounds "15"]
[EventCountry "GER"]
[SourceTitle "CBM 211"]
[Source "ChessBase"]
[SourceDate "2022.12.31"]
[SourceVersion "1"]
[SourceVersionDate "2022.12.31"]
[SourceQuality "1"]
[WhiteTeam "Werder Bremen"]
[BlackTeam "Solingen"]
[WhiteTeamCountry "GER"]
[BlackTeamCountry "GER"]

1. Nf3 Nf6 2. g3 g6 3. Bg2 Bg7 4. 0-0 0-0 5. d4 d6 6. Nc3 d5 7. a4 a5 8. Bf4 c6 9. Re1 Bf5 10. Ne5 Nbd7 11. e4 dxe4 12. Nxe4 Nxe5 13. Bxe5 Nxe4 14. Bxe4 Bxe5 15. dxe5 Qxd1 16. Raxd1 Be6 17. f4 Rfd8 18. Kf2 Kf8 19. Ke3 Ke8 20. h4 h5 21. b3 Bg4 22. Rd4 Rxd4 23. Kxd4 Kd7 24. Re3 Rd8 25. Rd3 Kc7+ 26. Ke3 Rg8 27. Rd2 1/2-1/2